5 Countries With the Most Imports by Continent - Statistics

General Stats
  • This quiz has been taken 212 times
  • The average score is 27 of 30
Answer Stats
Answer % Correct
Canada
99%
Mexico
99%
Brazil
98%
UK
98%
Argentina
97%
China
97%
France
97%
Germany
97%
USA
97%
Italy
96%
Australia
95%
Chile
95%
New Zealand
95%
Colombia
94%
Japan
94%
India
93%
South Africa
93%
Egypt
92%
South Korea
91%
Venezuela
91%
Fiji
87%
Panama
85%
Papua New Guinea
85%
Algeria
83%
Nigeria
83%
Netherlands
82%
Morocco
78%
Dominican Republic
75%
Samoa
72%
Singapore
61%
No matching quizzes found
Score Distribution
Percent of People with Each Score
Percentile by Number Answered
Your Score History
You have not taken this quiz